La Izquierda costarricense en el límite de sus posibilidades /
Guardado en:
| 主要作者: | |
|---|---|
| 格式: | Texto |
| 主题: | |
| 标签: |
添加标签
没有标签, 成为第一个标记此记录!
|
MARC
| LEADER | 00000 a a2200000 04500 | ||
|---|---|---|---|
| 001 | 1603 | ||
| 003 | |||
| 040 | |||
| 100 | |a Pérez, Danilo | ||
| 245 | |a La Izquierda costarricense en el límite de sus posibilidades / |c Danilo Pérez | ||
| 650 | |a PARTIDOS POLITICOS | ||
| 773 | |g número 23; páginas 46-48 | ||
| 999 | |c 24056 |d 24056 | ||
